LDR 00823naa#a2200229#i#450# 001 EN\\bibl\126638 005 20260703175454.5 011 ## _a2587-6740 100 ## _a20260615b2026####ek#y0engy0150####ca 102 ## _aRU 200 1# _aConcept for organizing intelligent monitoring of grain production _eJournal article 210 1# _aMoscow _cElectronic science _d2026 215 ## _a4 с. 608 ## _aJournal article _2local 675 ## _aЭкономика сельского хозяйства. Продовольственный комплекс. 338.43 _z 700 #1 _aTkachenko _gValentina Grigor'evna 700 #1 _aChebotareva _gElena Nikolaevna 700 #1 _aGrishko _gNatalia Viktorovna 700 #1 _aLadysh _gIrina Alekseevna 700 #1 _aGriguletsky _gVladimir Georgievich 700 #1 _aArinichev _gIgor Vladimirovich 856 4# _aqje.su _u